| 000 | 00000nas 2200000za 4500 |
| 001 | 9.507124 |
| 003 | CaOODSP |
| 005 | 20240527135424 |
| 007 | cr ||||||||||| |
| 008 | 150406c1998||||xxc|| p o||||f| |0eng|d |
| 022 | |a1700-8263 |
| 040 | |aCaOODSP|beng |
| 043 | |an-cn--- |
| 086 | 1 |aCW70-3E-pdf |
| 110 | 2 |aCanadian Wildlife Service. |
| 245 | 10|aRENEW report |h[electronic resource] |
| 260 | |aOttawa - Ontario : |bEnvironment Canada. |
| 310 | |aAnnual |
| 362 | 1 |a1997/1998--1998/1999 |
| 690 | 07|aEndangered species|2gcpds |
| 775 | 08|tRESCAPÉ rapport |w(CaOODSP)9.503517 |
| 785 | 00|tAnnual report - Recovery of Nationally Endangered Wildlife / |w(CaOODSP)9.506455 |